LEADER 00979nam a2200265 i 4500 001 991001766169707536 005 20020507151459.0 008 000508s1998 it ||| | ita 020 $a8838707332 035 $ab11560976-39ule_inst 035 $aLE02724684$9ExL 040 $aDip.to Studi Giuridici$bita 084 $aCG-I/C 100 1 $aVandelli, Luciano$0115586 245 10$aCodice per le autonomie locali :$baggiornato con la finanziaria 1998 e con il regolamento sui segretari comunali /$ca cura di Luciano Vandelli 250 $a3. ed. 260 $aRimini :$bMaggioli,$c[1998] 300 $a2408 p. ;$c20 cm. 440 2$aI codici Maggioli ;$v29 907 $a.b11560976$b21-09-06$c02-07-02 912 $a991001766169707536 945 $aLE027 CG-I/C 87$g1$iLE027-2741$lle027$o-$pE0.00$q-$rl$s- $t0$u0$v0$w0$x0$y.i11763085$z02-07-02 996 $aCodice per le autonomie locali$9895257 997 $aUNISALENTO 998 $ale027$b01-01-00$cm$da $e-$fita$git $h0$i1 LEADER 00904nam a2200253 a 4500 001 991001563249707536 008 020 $a8843026755 035 $ab13391860-39ule_inst 040 $aDip.to di Studi Storici$bita 082 0 $a291.9 100 1 $aKienzler, Klaus$0623485 245 10$aFondamentalismi religiosi :$bcristianesimo, ebraismo, islam /$cKlaus Kienzler 260 $aRoma :$bCarocci,$c2003 300 $a151 p. ;$c21 cm 440 0$aQuality paperbacks ;$v90 650 4$aFondamentalismo 650 $aMovimenti religiosi$ySec. 20. 907 $a.b13391860$b08-04-08$c04-04-06 912 $a991001563249707536 945 $aLE023 291.9 KIE 1 1$g1$i2023000083734$lle023$o-$pE11.90$q-$rl$s- $t0$u1$v0$w1$x0$y.i14220246$z07-04-06 996 $aFondamentalismi religiosi$91090933 997 $aUNISALENTO 998 $ale023$b - - $cm$da $e-$fita$git $h0$i0